Soviet Union Quiz - Statistics

General Stats
  • This quiz has been taken 45 times
  • The average score is 12 of 15
Answer Stats
Hint Answer % Correct
Capital of the USSR Moscow
100%
What year did the USSR collapse? 1991
98%
First leader Vladimir Lenin
98%
How many Republics were in the USSR? 15
86%
What year the USSR founded? 1922
86%
Last Leader Mikhail Gorbachev
86%
Soviet prison camps Gulags
83%
What Soviet satellite was the first in space? Sputnik 1
83%
Who was the first man to make an orbit around Earth? Yuri Gagarin
81%
what does USSR stand for? Union of Soviet Socialist Republics
76%
what military alliance was the USSR part of? Warsaw Pact
76%
What were Soviet astronauts called? Cosmonauts
69%
What symbol was on the Soviet flag? Hammer and sickle
69%
What is the Russian abbreviation for the Soviet Union? CCCP
64%
what economy did the USSR use Communism
43%
No matching quizzes found
Score Distribution
Percent of People with Each Score
Percentile by Number Answered
Your Score History
You have not taken this quiz